000 01069nam a2200313 i 4500
001 bg
245 0 0 _aPeru /
_c[project ed. Pam Barret ; przygot. ed. pol. Bogdan Rudnicki ; tł. Marta Barańska, Jolanta Kubiak, Wiktor Dert].
246 _iTyt. oryg.:
_aPeru
260 _aWarszawa :
_bMediaprofit,
_c2006.
300 _a356, [1] s. :
_bil. (w tym kolor.), faks., fot., mapy, pl., portr. ;
_c23 cm.
490 1 _aBiblioteka Gazety Wyborczej. Podróże Marzeń ;
_v25
500 _aTyt. oryg.: "Peru" 2005. Mapa i plan na wyklejkach.
504 _aIndeks.
651 9 _aPeru
655 _aPrzewodniki turystyczne
700 1 _aBARRET, Pam.
_eRed.
700 1 _aRUDNICKI, Bogdan.
_eOprac.
700 1 _aBARAŃSKA, Marta.
_eTł.
700 1 _aKUBIAK, Jolanta.
_eTł.
700 1 _aDERT, Wiktor.
_eTł.
830 0 _aBiblioteka Gazety Wyborczej.
_pPodróże Marzeń ;
_v25
020 _a8360174253
040 _cBPK
041 1 _apol
_heng
080 _a913(85)(036)
920 _a83-60174-25-3
942 _cKS
008 s pl f |000 0 pol
999 _c51680
_d51680
856 _uhttp://koha.tu.koszalin.pl/cgi-bin/koha/opac-detail.pl?biblionumber=51680
_yKatalog online BPK